<?xml version="1.0" encoding="UTF-8"?>
<collection xmlns="http://www.loc.gov/MARC21/slim">
<record>
  <controlfield tag="001">171140</controlfield>
  <controlfield tag="005">20260515163944.0</controlfield>
  <datafield tag="024" ind1="7" ind2=" ">
    <subfield code="2">doi</subfield>
    <subfield code="a">10.1016/j.dhjo.2016.05.013</subfield>
  </datafield>
  <datafield tag="024" ind1="8" ind2=" ">
    <subfield code="2">sideral</subfield>
    <subfield code="a">97481</subfield>
  </datafield>
  <datafield tag="037" ind1=" " ind2=" ">
    <subfield code="a">ART-2017-97481</subfield>
  </datafield>
  <datafield tag="041" ind1=" " ind2=" ">
    <subfield code="a">eng</subfield>
  </datafield>
  <datafield tag="100" ind1=" " ind2=" ">
    <subfield code="a">González-Agüero, A.</subfield>
    <subfield code="u">Universidad de Zaragoza</subfield>
    <subfield code="0">(orcid)0000-0002-1132-5906</subfield>
  </datafield>
  <datafield tag="245" ind1=" " ind2=" ">
    <subfield code="a">Percentage of body fat in adolescents with Down syndrome: Estimation from skinfolds</subfield>
  </datafield>
  <datafield tag="260" ind1=" " ind2=" ">
    <subfield code="c">2017</subfield>
  </datafield>
  <datafield tag="520" ind1="3" ind2=" ">
    <subfield code="a">Background Adolescents with Down syndrome (DS) have a unique morphology and body shape, and this needs to be taken into account when assessing body fat percentage (BF%). Objective To develop a predictive equation from anthropometric variables (skinfolds) for estimating BF% in adolescents with DS. Methods Twenty-three adolescents with DS (7 girls, 16 boys) participated in the study; seven skinfold measurements were taken (biceps, triceps, subscapular, supraspinale, abdominal, front thigh, and medial calf), circumferences and diameters were measured following ISAK recommendations. Total body volume (and then body density) was measured with air displacement plethysmography (ADP); BF% was then calculated. Correlation between anthropometry data and BF% by ADP, and stepwise regression analyses were applied to develop a specific prediction equation. Results All the skinfolds, BMI, hip, waist and thigh circumferences correlated with BF% and were included in the regression analysis; sex and triceps were added into the model (R2 = 0.89, p &lt; 0.05). Therefore the proposed equation computed as follows: BF% = (0.97 TR) - (8.869·SEX) + 15.6 where TR is triceps skinfolds (mm) and SEX is equal to 0 for female and 1 for male. Conclusions The proposed prediction equation is recommended for the assessment of BF% in adolescents with DS as it is the only one specifically developed and validated in this unique population. It is a cheap, reliable and accessible method that removes the need for use of expensive equipment.</subfield>
  </datafield>
  <datafield tag="540" ind1=" " ind2=" ">
    <subfield code="9">info:eu-repo/semantics/closedAccess</subfield>
    <subfield code="a">All rights reserved</subfield>
    <subfield code="u">http://www.europeana.eu/rights/rr-f/</subfield>
  </datafield>
  <datafield tag="590" ind1=" " ind2=" ">
    <subfield code="a">1.863</subfield>
    <subfield code="b">2017</subfield>
  </datafield>
  <datafield tag="591" ind1=" " ind2=" ">
    <subfield code="a">REHABILITATION</subfield>
    <subfield code="b">16 / 69 = 0.232</subfield>
    <subfield code="c">2017</subfield>
    <subfield code="d">Q1</subfield>
    <subfield code="e">T1</subfield>
  </datafield>
  <datafield tag="591" ind1=" " ind2=" ">
    <subfield code="a">PUBLIC, ENVIRONMENTAL &amp; OCCUPATIONAL HEALTH</subfield>
    <subfield code="b">88 / 179 = 0.492</subfield>
    <subfield code="c">2017</subfield>
    <subfield code="d">Q2</subfield>
    <subfield code="e">T2</subfield>
  </datafield>
  <datafield tag="591" ind1=" " ind2=" ">
    <subfield code="a">REHABILITATION</subfield>
    <subfield code="b">23 / 63 = 0.365</subfield>
    <subfield code="c">2017</subfield>
    <subfield code="d">Q2</subfield>
    <subfield code="e">T2</subfield>
  </datafield>
  <datafield tag="591" ind1=" " ind2=" ">
    <subfield code="a">HEALTH POLICY &amp; SERVICES</subfield>
    <subfield code="b">35 / 79 = 0.443</subfield>
    <subfield code="c">2017</subfield>
    <subfield code="d">Q2</subfield>
    <subfield code="e">T2</subfield>
  </datafield>
  <datafield tag="591" ind1=" " ind2=" ">
    <subfield code="a">PUBLIC, ENVIRONMENTAL &amp; OCCUPATIONAL HEALTH</subfield>
    <subfield code="b">60 / 156 = 0.385</subfield>
    <subfield code="c">2017</subfield>
    <subfield code="d">Q2</subfield>
    <subfield code="e">T2</subfield>
  </datafield>
  <datafield tag="591" ind1=" " ind2=" ">
    <subfield code="a">HEALTH CARE SCIENCES &amp; SERVICES</subfield>
    <subfield code="b">52 / 94 = 0.553</subfield>
    <subfield code="c">2017</subfield>
    <subfield code="d">Q3</subfield>
    <subfield code="e">T2</subfield>
  </datafield>
  <datafield tag="592" ind1=" " ind2=" ">
    <subfield code="a">1.015</subfield>
    <subfield code="b">2017</subfield>
  </datafield>
  <datafield tag="593" ind1=" " ind2=" ">
    <subfield code="a">Public Health, Environmental and Occupational Health</subfield>
    <subfield code="c">2017</subfield>
    <subfield code="d">Q1</subfield>
  </datafield>
  <datafield tag="593" ind1=" " ind2=" ">
    <subfield code="a">Medicine (miscellaneous)</subfield>
    <subfield code="c">2017</subfield>
    <subfield code="d">Q1</subfield>
  </datafield>
  <datafield tag="655" ind1=" " ind2="4">
    <subfield code="a">info:eu-repo/semantics/article</subfield>
    <subfield code="v">info:eu-repo/semantics/publishedVersion</subfield>
  </datafield>
  <datafield tag="700" ind1=" " ind2=" ">
    <subfield code="a">Matute-Llorente, Á.</subfield>
    <subfield code="u">Universidad de Zaragoza</subfield>
    <subfield code="0">(orcid)0000-0001-8500-1667</subfield>
  </datafield>
  <datafield tag="700" ind1=" " ind2=" ">
    <subfield code="a">Gómez-Cabello, A.</subfield>
    <subfield code="0">(orcid)0000-0001-6492-2512</subfield>
  </datafield>
  <datafield tag="700" ind1=" " ind2=" ">
    <subfield code="a">Vicente-Rodríguez, G.</subfield>
    <subfield code="u">Universidad de Zaragoza</subfield>
    <subfield code="0">(orcid)0000-0002-4303-4097</subfield>
  </datafield>
  <datafield tag="700" ind1=" " ind2=" ">
    <subfield code="a">Casajús, J. A.</subfield>
    <subfield code="u">Universidad de Zaragoza</subfield>
    <subfield code="0">(orcid)0000-0002-7215-6931</subfield>
  </datafield>
  <datafield tag="710" ind1="2" ind2=" ">
    <subfield code="1">1006</subfield>
    <subfield code="2">245</subfield>
    <subfield code="a">Universidad de Zaragoza</subfield>
    <subfield code="b">Dpto. Fisiatría y Enfermería</subfield>
    <subfield code="c">Área Educación Física y Depor.</subfield>
  </datafield>
  <datafield tag="773" ind1=" " ind2=" ">
    <subfield code="g">10, 1 (2017), 100-104</subfield>
    <subfield code="p">DISABILITY AND HEALTH JOURNAL</subfield>
    <subfield code="t">DISABILITY AND HEALTH JOURNAL</subfield>
    <subfield code="x">1936-6574</subfield>
  </datafield>
  <datafield tag="856" ind1="4" ind2=" ">
    <subfield code="s">274078</subfield>
    <subfield code="u">http://zaguan.unizar.es/record/171140/files/texto_completo.pdf</subfield>
    <subfield code="y">Versión publicada</subfield>
  </datafield>
  <datafield tag="856" ind1="4" ind2=" ">
    <subfield code="s">2603741</subfield>
    <subfield code="u">http://zaguan.unizar.es/record/171140/files/texto_completo.jpg?subformat=icon</subfield>
    <subfield code="x">icon</subfield>
    <subfield code="y">Versión publicada</subfield>
  </datafield>
  <datafield tag="909" ind1="C" ind2="O">
    <subfield code="o">oai:zaguan.unizar.es:171140</subfield>
    <subfield code="p">articulos</subfield>
    <subfield code="p">driver</subfield>
  </datafield>
  <datafield tag="951" ind1=" " ind2=" ">
    <subfield code="a">2026-05-15-14:53:38</subfield>
  </datafield>
  <datafield tag="980" ind1=" " ind2=" ">
    <subfield code="a">ARTICLE</subfield>
  </datafield>
</record>
</collection>